Chémia pre 9. ročník základných deväťročných škôl /

Hlavní autor: Pauková, Marie, 1906-1977
Další autoři: Hájek, Bohumil, 1927-
Jazyk: Slovenština
Vydáno: Bratislava : Slovenské pedagogické nakladateľstvo, 1969
Vydání: 4. vyd.
Fyzický popis: 161 s. + 1 l.
Knihy
Uloženo v:
LEADER 00731nam a2200205 a 4500
001 000617600
003 CZ BrMZK
005 20140206142308.0
007 ta
008 020819s1969 xo f slo d
040 |a BOA001  |b cze  |c BOA001 
100 1 |a Pauková, Marie,  |d 1906-1977  |7 jk01091956  |4 aut 
245 1 0 |a Chémia pre 9. ročník základných deväťročných škôl /  |c Marie Pauková, Bohumil Hájek 
250 |a 4. vyd. 
260 |a Bratislava :  |b Slovenské pedagogické nakladateľstvo,  |c 1969 
300 |a 161 s. +  |e 1 l. 
700 1 |a Hájek, Bohumil,  |d 1927-  |7 jk01033032  |4 aut 
910 |a BOA001  |b 2-0495.363-69 
990 |a BK 
996 7 |b 2619055570  |c 2-0495.363-69  |l MZK  |r Sklad / do 24 hodin  |n 0  |w 000617600  |u 000010  |a 1  |e BOA001  |j MZK50  |s A